| 000 | 00403nam a2200169Ia 4500 | ||
|---|---|---|---|
| 999 |
_c84638 _d84638 |
||
| 003 | 0100 | ||
| 005 | 20190110114010.0 | ||
| 008 | 130307s9999 xx 000 0 und d | ||
| 040 | _cARRUPELIB | ||
| 050 | _aCC75.C5 1939 | ||
| 100 |
_aClark, Grahame _943948 |
||
| 245 |
_aArchaeology and Society _breconstructing the Prehistoric Past _cGrahame Clark |
||
| 260 |
_aLondon _bMethuen _c1957 |
||
| 300 |
_a272p. ; _c21cm. |
||
| 650 |
_aArchaeology _921550 |
||
| 942 |
_2lcc _cMONOGRAPH |
||